| 000 | 00503nam a22001937a 4500 | ||
|---|---|---|---|
| 003 | MPLRDC | ||
| 005 | 20220104203423.0 | ||
| 008 | 210129b ||||| |||| 00| 0 eng d | ||
| 020 | _a978-986-6133-75-5 | ||
| 082 | _a735 COC | ||
| 100 | _a派崔克·柯伯恩 PATRICK COCKBURN | ||
| 245 |
_a伊斯兰国 _c周诗婷 等译 |
||
| 250 | _a初版 | ||
| 260 |
_a台湾 _b好优文化 _c2014 |
||
| 300 | _b平 | ||
| 520 | _a新书上架 2018-08-16。 | ||
| 650 | _a中东史地 | ||
| 942 |
_cBK _o735 COC |
||
| 999 |
_c68115 _d68105 |
||